Un drama íntimo
Spremljeno u:
| Glavni autor: | |
|---|---|
| Format: | Knjiga |
| Jezik: | španjolski |
| Izdano: |
Santiago
Imprenta de La República
1872
|
| Izdanje: | 1a. ed |
| Serija: | Biblioteca de La República
|
| Teme: | |
| Oznake: |
Dodaj oznaku
Bez oznaka, Budi prvi tko označuje ovaj zapis!
|
MARC
| LEADER | 00000nam a2200000 a 4500 | ||
|---|---|---|---|
| 001 | UCJ3434 | ||
| 003 | CL-VaPUC | ||
| 008 | 070124e18720000CL |||||||||||||||||spa|d | ||
| 082 | 0 | 4 | |a Ch863 |b VAR |2 21 |
| 100 | 0 | |a Vargas, Moisés |e author |9 504933 | |
| 245 | 1 | 3 | |a Un drama íntimo |
| 250 | |a 1a. ed | ||
| 300 | |a 400 p | ||
| 942 | |c BK | ||
| 945 | |d 20070124 00:00:00 |a rinostro | ||
| 260 | |a Santiago |b Imprenta de La República |c 1872 | ||
| 650 | 7 | |a NOVELA COSTUMBRISTA |2 CL-VaPUC |9 504877 | |
| 650 | 0 | |a Novela chilena |9 307631 | |
| 583 | |a last modification |c 20070124 00:00:00 |k Rodrigo Vera | ||
| 490 | 0 | |a Biblioteca de La República | |
| 999 | |c 319556 |d 319554 | ||
| 952 | |0 0 |1 0 |4 0 |6 CH_863_000000000000000_VAR_1872 |7 0 |8 X |9 397902 |a FDOBUD |b FDOBUD |d 2019-11-22 |i 100347K |o Ch863 VAR 1872 |p 100347K |r 2019-11-22 |w 2019-11-22 |y BK_X |k BUD | ||